| 000 | 00598nam a2200181 4500 | ||
|---|---|---|---|
| 999 |
_c171102 _d171102 |
||
| 005 | 20200108142101.0 | ||
| 010 | _aENG-127275 | ||
| 020 |
_a9789387833517 _c295.00 |
||
| 035 | _aEN-110807 | ||
| 037 | _bDBAD/PUB | ||
| 082 | _a796.3 | ||
| 100 | _aChattopadhyay,Hariprasad | ||
| 245 |
_aThe football World Cup: _cby Hariprasad Chattopadhyay _bAn illustrated History / |
||
| 260 |
_aKolkata _bParul Publishers _c2018 |
||
| 270 |
_a8/3 Chintamoni Das Lane Akhaura Road _bKolkata _e700009 _manamikapublishers@yahoo.co.in |
||
| 300 |
_a112p. _c23cm(Hb) |
||
| 942 |
_2ddc _cEN _h796.3 _mCHA |
||